La odisea / (Registro nro. 60659)

Detalles MARC
000 -CABECERA
Longitud fija campo de control 01302nam a2200337 i 4500
003 - • IDENTIFICADOR DELl NÚMERO DE CONTROL
Identificador del número de control CO-BoRNBP
005 - • FECHA Y HORA DE LA ÚLTIMA TRANSACCIÓN
Fecha y hora de la última transacción 20260312151013.0
007 - • CAMPO FIJO DE DESCRIPCIÓN FÍSICA
Campo fijo de descripción física ta
008 - • CÓDIGOS DE INFORMACIÓN DE LONGITUD FIJA
Códigos de información de longitud fija 171004s2014 ag a jr 000 f spa c
020 ## - • NÚMERO INTERNACIONAL NORMALIZADO PARA LIBROS
Número Internacional Normalizado para Libros (ISBN) 9789871208579
040 ## - FUENTE DE LA CATALOGACIÓN
Centro catalogador de origen CO-BoUNC
Lengua de catalogación spa
Normas de descripción rda
Centro transcriptor CO-BoUNC
041 0# - • CÓDIGO DE LENGUA
Código de lengua del texto/banda sonora o título independiente spa
082 04 - • NÚMERO DE LA CLASIFICACIÓN DECIMAL DEWEY
Número de clasificación (R) 883.009
Número del ítem H766od
Número de edición 21
084 ## - • Clasificación Local Alfanúmerica PNLB
Número de clasificación NG HOM
100 0# - • PUNTO DE ACCESO PRINCIPAL-NOMBRE DE PERSONA
Nombre de persona Homero
Término indicativo de función autor
245 13 - • TITULO PROPIAMENTE DICHO
Título La odisea /
Mención de responsabilidad, etc. Homero ; adaptado por Diego Agrimbau ; ilustración de Smilton.
250 ## - • MENCIÓN DE EDICIÓN
Mención de edición 1a. edición
264 #1 - PRODUCCIÓN, PUBLICACIÓN , DISTRIBUCIÓN, FABRICACIÓN Y COPYRIGHT
Lugar de producción, publicación, distribución, fabricación Buenos Aires
Nombre del productor, editor, distribuidor, fabricante Latinbooks,
Fecha de de producción, publicación, distribución, fabricación o copyright 2014.
300 ## - • DESCRIPCIÓN FÍSICA
Extensión 71 páginas :
Otras características físicas ilustraciones ;
Dimensiones 26 cm.
336 ## - TIPO DE CONTENIDO
Término de tipo de contenido texto
Código de tipo de contenido txt
Fuente rdacontent
337 ## - TIPO DE MEDIO
Nombre del tipo de medio sin mediación
Código del tipo de medio n
Fuente rdamedia
338 ## - TIPO DE SOPORTE
Nombre del tipo de soporte volumen
Código del tipo de soporte nc
Fuente rdacarrier
520 1# - • NOTA DE RESUMEN
Resumen, etc, Ulises vuelve a su tierra al terminar la guerra de Troya. Allá le espera su mujer Penélope. Pero el viaje estar lleno de obstáculos que Ulises debe superar. Uno de los clásicos de la literatura universal, puesto al alcance de los lectores en forma de novela gráfica.
650 14 - • PUNTO DE ACCESO ADICIONAL DE MATERIA - TÉRMINO DE MATERIA
Término de materia o nombre geográfico como elemento inicial Libros Infantiles
Fuente del encabezamiento o término LEMB
650 17 - • PUNTO DE ACCESO ADICIONAL DE MATERIA - TÉRMINO DE MATERIA
Término de materia o nombre geográfico como elemento inicial Literatura griega clásica
Fuente del encabezamiento o término LEMB
650 17 - • PUNTO DE ACCESO ADICIONAL DE MATERIA - TÉRMINO DE MATERIA
Término de materia o nombre geográfico como elemento inicial Poesía épica griega
Fuente del encabezamiento o término LEMB
650 17 - • PUNTO DE ACCESO ADICIONAL DE MATERIA - TÉRMINO DE MATERIA
Término de materia o nombre geográfico como elemento inicial Historia antigua
Fuente del encabezamiento o término Tesauro Unesco
700 1# - • PUNTO DE ACCESO ADICIONAL - NOMBRE DE PERSONA
Nombre de persona Agrmbau, Diego
Término indicativo de función adaptador
942 ## - ENTRADA DE ELEMENTOS AGREGADOS (KOHA)
Fuente de clasificaión o esquema Dewey Decimal Classification
Koha [por defecto] tipo de item LIbro
Existencias
Perdido Fuente de clasificación o esquema Estado Físico No para préstamo Forma de adquisición Localización permanente Localización actual Localización en estanterías Fecha adquisición Préstamos totales Signatura completa Código de barras Fecha última consulta Número de copia Fecha del precio de reemplazo Tipo de item de Koha
  Clasificación Local Facetada     Literatura General Biblioteca Pública San Juanito - Ernesto Maria Peña Romero Biblioteca Pública San Juanito - Ernesto Maria Peña Romero Literatura 03/12/2026   NG HOM SJU02928 03/12/2026 Ej.1 03/12/2026 Libro Literatura









Instituto Departamental de Cultura del Meta - Red Departamental de Bibliotecas Públicas del Meta.